Singapore MRT northeast line quiz - Statistics

General Stats
  • This quiz has been taken 170 times
  • The average score is 12 of 16
Answer Stats
Station code Answer % Correct
NE1 Harbourfront
84%
NE4 Chinatown
82%
NE3 Outram Park
82%
NE17 Punggol
82%
NE7 Little India
81%
NE16 Sengkang
80%
NE14 Hougang
76%
NE12 Serangoon
76%
NE6 Dhoby Ghaut
75%
NE13 Kovan
72%
NE5 Clarke Quay
71%
NE15 Buangkok
69%
NE10 Potong Pasir
68%
NE11 Woodleigh
67%
NE9 Boon Keng
61%
NE8 Farrer Road
36%
No matching quizzes found
Score Distribution
Percent of People with Each Score
Percentile by Number Answered
Your Score History
You have not taken this quiz